Les meilleurs combattants UFC de tous les temps - Statistiques

Statistiques générales
  • Ce quiz a été pris 4 946 fois
  • Le résultat moyen est 7 sur 11
Statistiques - réponses
Catégorie Combattant % Correct
Poids lourds Jon Jones
96%
Poids légers Conor McGregor
81%
Poids légers Khabib Nurmagomedov
76%
Poids moyens Georges Saint-Pierre
67%
Poids moyens Anderson Silva
63%
Poids moyens Israel Adesanya
59%
Poids lourds Francis Ngannou
58%
Poids mouches Demetrious Johnson
56%
Poids lourds Daniel Cormier
53%
Poids plumes Jose Aldo
49%
Poids moyens Alex Pereira
35%
Aucun quiz correspondant
Distribution des résultats
% des personnes avec chaque résultat
Percentile par nombre de réponses
Votre historique - résultats
Vous n’avez pas pris ce quiz